000 00332nam a2200145Ia 4500
008 230718s9999 xx 000 0 und d
041 _aEng.
082 _a340
_bFAC-P
100 _afaced, Malik M (ed)
245 0 _aP. L.D (1978)
260 _aPakistan
_bAll Pacistan legal
_c1978
300 _a180
650 _aLaw
999 _c26977
_d26977